000 00598nam a22002177a 4500
003 UA-OsUOA
001 78783
007 ta
008 20111020b un ||||| |||| 00| 0 ukr d
100 _aПосель И.
090 _a330
_bП61
942 _cSA
040 _aUA-OsUOA
_brus
_cUA-OsUOA
_dUA-OsUOA
245 _aИнновации в экономической науке: французский вклад за последние 70 лет
300 _aС.66-80
955 _a0
041 _arus
080 _a330
773 0 _w78781
650 7 _a330 Економіка взагалі
_2UDC
999 _c365099
_d365099